<?xml version="1.0" encoding="UTF-8"?>
<record
    xmlns:xsi="http://www.w3.org/2001/XMLSchema-instance"
    xsi:schemaLocation="http://www.loc.gov/MARC21/slim http://www.loc.gov/standards/marcxml/schema/MARC21slim.xsd"
    xmlns="http://www.loc.gov/MARC21/slim">

  <leader>00383nam a2200133Ia 4500</leader>
  <controlfield tag="008">191201s2004    xx            000 0 und d</controlfield>
  <datafield tag="082" ind1=" " ind2=" ">
    <subfield code="a">004.16</subfield>
    <subfield code="b">TRM</subfield>
  </datafield>
  <datafield tag="100" ind1=" " ind2=" ">
    <subfield code="a">TRIEBLE, W A</subfield>
  </datafield>
  <datafield tag="245" ind1=" " ind2="4">
    <subfield code="a">The 8088 and 8086 Microprocessors: Programming, Interfacing, Software, Hardware, and Applications</subfield>
  </datafield>
  <datafield tag="260" ind1=" " ind2=" ">
    <subfield code="a">N.Delhi</subfield>
    <subfield code="b">PHI</subfield>
    <subfield code="c">2004</subfield>
  </datafield>
  <datafield tag="300" ind1=" " ind2=" ">
    <subfield code="a">1019</subfield>
  </datafield>
  <datafield tag="650" ind1=" " ind2=" ">
    <subfield code="a">B.Tech(CSE)</subfield>
  </datafield>
  <datafield tag="942" ind1=" " ind2=" ">
    <subfield code="2">ddc</subfield>
    <subfield code="c">BK</subfield>
  </datafield>
  <datafield tag="999" ind1=" " ind2=" ">
    <subfield code="c">826</subfield>
    <subfield code="d">826</subfield>
  </datafield>
  <datafield tag="952" ind1=" " ind2=" ">
    <subfield code="0">0</subfield>
    <subfield code="1">0</subfield>
    <subfield code="2">ddc</subfield>
    <subfield code="4">0</subfield>
    <subfield code="7">0</subfield>
    <subfield code="8">BTECHCSE</subfield>
    <subfield code="a">PIET</subfield>
    <subfield code="b">PIET</subfield>
    <subfield code="d">2006-08-07</subfield>
    <subfield code="e">M/s UBS Publishers, New Delhi</subfield>
    <subfield code="g">350.00</subfield>
    <subfield code="k">12415</subfield>
    <subfield code="l">1</subfield>
    <subfield code="o">004.165 TRM</subfield>
    <subfield code="p">177</subfield>
    <subfield code="r">2021-12-31 00:00:00</subfield>
    <subfield code="s">2021-12-22</subfield>
    <subfield code="w">2005-08-18</subfield>
    <subfield code="y">BK</subfield>
  </datafield>
  <datafield tag="952" ind1=" " ind2=" ">
    <subfield code="0">0</subfield>
    <subfield code="1">0</subfield>
    <subfield code="2">ddc</subfield>
    <subfield code="4">0</subfield>
    <subfield code="7">0</subfield>
    <subfield code="8">BTECHCSE</subfield>
    <subfield code="a">PIET</subfield>
    <subfield code="b">PIET</subfield>
    <subfield code="d">2006-08-07</subfield>
    <subfield code="e">M/s UBS Publishers, New Delhi</subfield>
    <subfield code="g">350.00</subfield>
    <subfield code="k">12415</subfield>
    <subfield code="l">1</subfield>
    <subfield code="o">004.165 TRM</subfield>
    <subfield code="p">178</subfield>
    <subfield code="r">2024-12-27 00:00:00</subfield>
    <subfield code="s">2024-12-17</subfield>
    <subfield code="w">2005-08-18</subfield>
    <subfield code="y">BK</subfield>
  </datafield>
  <datafield tag="952" ind1=" " ind2=" ">
    <subfield code="0">0</subfield>
    <subfield code="1">0</subfield>
    <subfield code="2">ddc</subfield>
    <subfield code="4">0</subfield>
    <subfield code="7">0</subfield>
    <subfield code="8">BTECHCSE</subfield>
    <subfield code="a">PIET</subfield>
    <subfield code="b">PIET</subfield>
    <subfield code="d">2006-08-07</subfield>
    <subfield code="e">M/s UBS Publishers, New Delhi</subfield>
    <subfield code="g">350.00</subfield>
    <subfield code="k">12415</subfield>
    <subfield code="l">0</subfield>
    <subfield code="o">004.165 TRM</subfield>
    <subfield code="p">179</subfield>
    <subfield code="r">2019-12-04 00:00:00</subfield>
    <subfield code="w">2005-08-18</subfield>
    <subfield code="y">BK</subfield>
  </datafield>
  <datafield tag="952" ind1=" " ind2=" ">
    <subfield code="0">0</subfield>
    <subfield code="1">0</subfield>
    <subfield code="2">ddc</subfield>
    <subfield code="4">0</subfield>
    <subfield code="7">0</subfield>
    <subfield code="8">BTECHCSE</subfield>
    <subfield code="a">PIET</subfield>
    <subfield code="b">PIET</subfield>
    <subfield code="d">2006-08-07</subfield>
    <subfield code="e">M/s UBS Publishers, New Delhi</subfield>
    <subfield code="g">350.00</subfield>
    <subfield code="k">12415</subfield>
    <subfield code="l">0</subfield>
    <subfield code="o">004.165 TRM</subfield>
    <subfield code="p">180</subfield>
    <subfield code="r">2020-02-29 00:00:00</subfield>
    <subfield code="w">2005-08-18</subfield>
    <subfield code="y">BK</subfield>
  </datafield>
  <datafield tag="952" ind1=" " ind2=" ">
    <subfield code="0">0</subfield>
    <subfield code="1">0</subfield>
    <subfield code="2">ddc</subfield>
    <subfield code="4">0</subfield>
    <subfield code="7">0</subfield>
    <subfield code="8">BTECHCSE</subfield>
    <subfield code="a">PIET</subfield>
    <subfield code="b">PIET</subfield>
    <subfield code="d">2006-08-07</subfield>
    <subfield code="e">M/s UBS Publishers, New Delhi</subfield>
    <subfield code="g">350.00</subfield>
    <subfield code="k">12415</subfield>
    <subfield code="l">0</subfield>
    <subfield code="o">004.165 TRM</subfield>
    <subfield code="p">181</subfield>
    <subfield code="r">2019-12-04 00:00:00</subfield>
    <subfield code="w">2005-08-18</subfield>
    <subfield code="y">BK</subfield>
  </datafield>
</record>
